Studies in modern Indian political thought. : (Record no. 433)
[ view plain ]
| 000 -LEADER | |
|---|---|
| fixed length control field | 00514cam a2200181ua 4500 |
| 008 - FIXED-LENGTH DATA ELEMENTS--GENERAL INFORMATION | |
| fixed length control field | 110407n ii |||gr||||Z||||||eng |
| 040 ## - CATALOGING SOURCE | |
| Transcribing agency | MAIN |
| 082 ## - DEWEY DECIMAL CLASSIFICATION NUMBER | |
| Classification number | 320.5130954 |
| 245 ## - TITLE STATEMENT | |
| Title | Studies in modern Indian political thought. : |
| Remainder of title | Gandhi an interpretation. / |
| Statement of responsibility, etc. | By O P Goyal. |
| 250 ## - EDITION STATEMENT | |
| Edition statement | 1st. |
| 260 ## - PUBLICATION, DISTRIBUTION, ETC. | |
| Place of publication, distribution, etc. | Delhi: |
| Name of publisher, distributor, etc. | Kitab mahal.,964. |
| 300 ## - PHYSICAL DESCRIPTION | |
| Extent | ii, 100 p.:5 cm. |
| 700 1# - ADDED ENTRY--PERSONAL NAME | |
| Personal name | Goyal, O P., |
| 942 ## - ADDED ENTRY ELEMENTS (KOHA) | |
| Koha item type | Books |
| 653 ## - INDEX TERM--UNCONTROLLED | |
| Uncontrolled term | Political science. |
| 653 ## - INDEX TERM--UNCONTROLLED | |
| Uncontrolled term | Studies in modern Indian political thought. |
| Withdrawn status | Lost status | Damaged status | Not for loan | Home library | Current library | Shelving location | Date acquired | Total Checkouts | Full call number | Barcode | Date last seen | Date last checked out | Copy number | Price effective from | Koha item type |
|---|---|---|---|---|---|---|---|---|---|---|---|---|---|---|---|
| Central Library, Naharkatiya College | Central Library, Naharkatiya College | 19/09/2020 | 1 | 320.5130954 | GOY | 230 | 12/02/2021 | 12/02/2021 | 1 | 19/09/2020 | Books |
